Đạo tạo giáo viên theo định hướng phát triển năng lực thực hành tại trường đại học Thủ Dầu Một

Gardado en:
Detalles Bibliográficos
Autor Principal: Trần, Văn Trung
Outros autores: Nguyễn, Hữu Thuận
Formato: Libro
Idioma:Undetermined
Những chủ đề:
Acceso en liña:http://lrc.tdmu.edu.vn/opac/search/detail.asp?aID=2&ID=36622
Các nhãn: Engadir etiqueta
Sen Etiquetas, Sexa o primeiro en etiquetar este rexistro!
Thư viện lưu trữ: Trung tâm Học liệu Trường Đại học Thủ Dầu Một
LEADER 00794nam a2200157Ia 4500
001 TDMU_36622
008 210410s9999 xx 000 0 und d
082 |a 320.9593 
100 |a Trần, Văn Trung 
245 0 |a Đạo tạo giáo viên theo định hướng phát triển năng lực thực hành tại trường đại học Thủ Dầu Một 
245 0 |c Trần Văn Trung, Nguyễn Hữu Thuận 
300 |a Tr.129-138 
650 |a Giáo dục; Mô hình đào tạo; Đào tạo giáo viên; Năng lực thực hành; Đại học Thủ Dầu Một 
700 |a Nguyễn, Hữu Thuận 
856 |u http://lrc.tdmu.edu.vn/opac/search/detail.asp?aID=2&ID=36622 
980 |a Trung tâm Học liệu Trường Đại học Thủ Dầu Một